000 00336nam a2200145Ia 4500
100 _aResnick/R
942 _cBK
654 _aPhysics
245 _aPhysics and technology of semiconductor devices
260 _bJohn wiley and sons
_aNew York
_c1967
082 _a621.38173
_bPUC/E
300 _a366
546 _aENGLISH
999 _c31576
_d31576